[Event "Varsity Oxbridge m 140th"]
[Site "London"]
[Date "2022.03.12"]
[Round "1.3"]
[White "Vasiesiu, Victor"]
[Black "Kalavannan, Koby"]
[Result "1/2-1/2"]
[WhiteElo "2276"]
[BlackElo "2324"]
[PlyCount "139"]
[EventDate "2022.03.12"]
[EventType "team-match"]
[EventRounds "1"]
[EventCountry "ENG"]
[SourceTitle "CBM 207 Extra"]
[Source "ChessBase"]
[SourceDate "2022.05.31"]
[SourceVersion "1"]
[SourceVersionDate "2022.05.31"]
[SourceQuality "1"]
[WhiteTeam "Oxford"]
[BlackTeam "Cambridge"]
[WhiteTeamCountry "ENG"]
[BlackTeamCountry "ENG"]

1. e4 c5 2. Nf3 Nc6 3. Bb5 Nf6 4. Bxc6 dxc6 5. d3 Bg4 6. Nbd2 Qc7 7. h3 Bh5 8. g4 Bg6 9. Nc4 Nd7 10. Bd2 f6 11. e5 b5 12. Ba5 Qc8 13. Ncd2 Qa6 14. Nb3 fxe5 15. Bc3 b4 16. Bxe5 c4 17. Nbd4 c5 18. Nf5 Qe6 19. 0-0 Bxf5 20. gxf5 Qxf5 21. Bg3 Rd8 22. dxc4 Nf6 23. Qe2 Qxh3 24. Rad1 Rc8 25. Rfe1 h5 26. Nh4 g5 27. Qd3 Rg8 28. Nf5 Kf7 29. Nxe7 h4 30. Nxg8 hxg3 31. fxg3 Kxg8 32. Qg6+ Bg7 33. Qxg5 Ng4 34. Qd5+ Kh8 35. Re2 Qxg3+ 36. Rg2 Qe3+ 37. Kh1 Qh3+ 38. Kg1 Ne3 39. Qd8+ Rxd8 40. Rxd8+ Kh7 41. Rh2 Qxh2+ 42. Kxh2 Bxb2 43. Kg3 Kg6 44. Kf4 Nxc4 45. Rc8 Bd4 46. Rc6+ Kf7 47. Ra6 Na3 48. Ke4 Nxc2 49. Rxa7+ Ke6 50. Ra6+ Kd7 51. Kd5 Ne3+ 52. Ke4 Kc7 53. Kd3 Kb7 54. Rd6 Nd1 55. Kc4 Ne3+ 56. Kb5 Nc2 57. Rb6+ Kc7 58. Rc6+ Kb7 59. Rb6+ Ka7 60. Ra6+ Kb8 61. Rb6+ Kc7 62. Rc6+ Kd7 63. Rxc5 Bxc5 64. Kxc5 Kc7 65. Kc4 Kc6 66. Kb3 Kb5 67. Kxc2 Ka4 68. Kb2 Ka5 69. a3 bxa3+ 70. Kxa3 1/2-1/2

[Event "Birmingham op"]
[Site "Birmingham"]
[Date "2020.02.22"]
[Round "2"]
[White "Vasiesiu, Victor"]
[Black "Grieve, Harry"]
[Result "1/2-1/2"]
[WhiteElo "2276"]
[BlackElo "2370"]
[PlyCount "39"]
[EventDate "2020.02.22"]
[EventType "team-swiss"]
[EventRounds "5"]
[EventCountry "ENG"]
[SourceTitle "CBM 195 Extra"]
[Source "ChessBase"]
[SourceDate "2020.05.31"]
[SourceVersion "1"]
[SourceVersionDate "2020.05.31"]
[SourceQuality "1"]
[WhiteTeam "Oxford"]
[BlackTeam "Cambridge"]
[WhiteTeamCountry "ENG"]
[BlackTeamCountry "ENG"]

1. e4 d6 2. d4 Nf6 3. Nc3 Nbd7 4. f4 e5 5. Nf3 exd4 6. Qxd4 c6 7. Be3 d5 8. exd5 Bc5 9. Qd3 Qe7 10. Kd2 Bb4 11. Re1 Bxc3+ 12. bxc3 cxd5 13. c4 dxc4 14. Qxc4 0-0 15. Bd3 Qd6 16. Qd4 Qa3 17. Qc3 Qd6 18. Qd4 Qa3 19. Qc3 Qd6 20. Qd4 1/2-1/2

[Event "ROM-chT"]
[Site "Mamaia"]
[Date "2019.09.23"]
[Round "3.5"]
[White "Coca, Cristi Iulian"]
[Black "Vasiesiu, Victor"]
[Result "1/2-1/2"]
[WhiteElo "2106"]
[BlackElo "2251"]
[PlyCount "34"]
[EventDate "2019.09.21"]
[EventType "team-tourn"]
[EventRounds "9"]
[EventCountry "ROU"]
[SourceTitle "EXT 2020"]
[Source "ChessBase"]
[SourceDate "2019.10.17"]
[SourceVersion "1"]
[SourceVersionDate "2019.10.17"]
[SourceQuality "1"]
[WhiteTeam "Galati Acs Pro Logos"]
[BlackTeam "Baia Mare Municipiului"]
[WhiteTeamCountry "ROU"]
[BlackTeamCountry "ROU"]

1. e4 e6 2. d4 d5 3. exd5 exd5 4. Nf3 Nc6 5. Bb5 Bd6 6. 0-0 Nge7 7. Re1 0-0 8. c3 Ng6 9. Nbd2 Qf6 10. Nf1 Bg4 11. Be2 Nf4 12. Bxf4 Bxf4 13. h3 Bf5 14. Bd3 Rae8 15. Qc2 Bxd3 16. Qxd3 Nd8 17. Ne3 Bxe3 1/2-1/2

[Event "ROM-chT"]
[Site "Mamaia"]
[Date "2019.09.22"]
[Round "2.1"]
[White "Vasiesiu, Victor"]
[Black "Banzea, Alexandru Bogdan"]
[Result "1-0"]
[WhiteElo "2251"]
[BlackElo "2401"]
[PlyCount "116"]
[EventDate "2019.09.21"]
[EventType "team-tourn"]
[EventRounds "9"]
[EventCountry "ROU"]
[SourceTitle "EXT 2020"]
[Source "ChessBase"]
[SourceDate "2019.10.17"]
[SourceVersion "1"]
[SourceVersionDate "2019.10.17"]
[SourceQuality "1"]
[WhiteTeam "Baia Mare Municipiului"]
[BlackTeam "Timisoara Medicina"]
[WhiteTeamCountry "ROU"]
[BlackTeamCountry "ROU"]

1. e4 c5 2. Nf3 d6 3. d4 cxd4 4. Nxd4 Nf6 5. Nc3 a6 6. Bd3 g6 7. f3 Bg7 8. Be3 Nbd7 9. Qd2 h5 10. 0-0-0 b5 11. Nd5 Bb7 12. Nxf6+ Bxf6 13. Nb3 Rc8 14. f4 Qc7 15. Rhf1 Nb6 16. e5 Nc4 17. Bxc4 bxc4 18. exf6 cxb3 19. axb3 Be4 20. c4 d5 21. fxe7 Qxe7 22. Bd4 0-0 23. f5 dxc4 24. b4 c3 25. Bxc3 Qxb4 26. fxg6 Qa4 27. gxf7+ Kh7 28. Qe2 Bg6 29. Rf3 Qa1+ 30. Kd2 Rcd8+ 31. Ke1 Rxd1+ 32. Qxd1 Qxd1+ 33. Kxd1 Rxf7 34. Re3 Bf5 35. Re5 Kg6 36. Kd2 Rf6 37. Ra5 Rd6+ 38. Ke3 Bd7 39. Rc5 Bc6 40. Kf4 Bb5 41. Rg5+ Kh6 42. Bg7+ Kh7 43. Be5 Rd2 44. Rxh5+ Kg6 45. Rg5+ Kf7 46. h4 Rf2+ 47. Ke3 Re2+ 48. Kf3 Rc2 49. g4 Ke6 50. Bc3 Bc6+ 51. Ke3 Bb5 52. Re5+ Kf7 53. Kf4 Bd7 54. h5 Rf2+ 55. Kg5 Rg2 56. Re4 Be6 57. Rxe6 Kxe6 58. h6 Kd5 1-0

[Event "ROM-chT"]
[Site "Mamaia"]
[Date "2019.09.21"]
[Round "1.5"]
[White "Vasiesiu, Victor"]
[Black "Ileana, George"]
[Result "0-1"]
[WhiteElo "2251"]
[BlackElo "2349"]
[PlyCount "131"]
[EventDate "2019.09.21"]
[EventType "team-tourn"]
[EventRounds "9"]
[EventCountry "ROU"]
[SourceTitle "EXT 2020"]
[Source "ChessBase"]
[SourceDate "2019.10.17"]
[SourceVersion "1"]
[SourceVersionDate "2019.10.17"]
[SourceQuality "1"]
[WhiteTeam "Baia Mare Municipiului"]
[BlackTeam "Techirghiol Victoria"]
[WhiteTeamCountry "ROU"]
[BlackTeamCountry "ROU"]

1. e4 c5 2. Nc3 d6 3. f4 g6 4. Nf3 Bg7 5. Bb5+ Bd7 6. Bc4 Nc6 7. 0-0 e6 8. d3 Nge7 9. f5 gxf5 10. Ng5 Ne5 11. Qh5 N7g6 12. exf5 exf5 13. Bd5 Qc7 14. Bd2 0-0-0 15. Nxf7 Nxf7 16. Bxf7 Rdf8 17. Bb3 Kb8 18. a4 Bc6 19. Nd5 Bd4+ 20. Be3 Qg7 21. c3 Nf4 22. Rxf4 Bxd5 23. Bxd5 Bxe3+ 24. Rf2 Qg4 25. Bf3 Qxh5 26. Bxh5 f4 27. Kf1 Bxf2 28. Kxf2 Rf5 29. Bf3 Re5 30. Rd1 Kc7 31. d4 Re7 32. dxc5 dxc5 33. Rd5 b6 34. Rf5 Rd8 35. Bd5 c4 36. Kf3 Re3+ 37. Kxf4 Re2 38. Rh5 Rd7 39. Bxc4 Rxg2 40. b4 Rc2 41. Rh3 Kd8 42. Bg8 Rc7 43. Bxh7 R2xc3 44. Bd3 Rf7+ 45. Ke5 Kc7 46. a5 b5 47. Rg3 a6 48. Bf5 Rc6 49. Be6 Rh7 50. h3 Rc1 51. Re3 Rh4 52. Bg4 Rc4 53. Kd5 Rh6 54. Re7+ Kd8 55. Rd7+ Ke8 56. Ra7 Rxb4 57. Be6 Rb2 58. Rxa6 Rh5+ 59. Kd4 Rb4+ 60. Kc3 Ra4 61. Ra7 Re5 62. Bd7+ Kd8 63. Rb7 Re3+ 64. Kd2 Re7 65. Rxb5 Rxd7+ 66. Kc2 0-1

[Event "Arad op 12th"]
[Site "Arad"]
[Date "2019.07.28"]
[Round "6"]
[White "Obada, Ema"]
[Black "Vasiesiu, Victor"]
[Result "1/2-1/2"]
[WhiteElo "1946"]
[BlackElo "2269"]
[PlyCount "95"]
[EventDate "2019.07.24"]
[EventType "swiss"]
[EventRounds "9"]
[EventCountry "ROU"]
[SourceTitle "CBM 191 Extra"]
[Source "ChessBase"]
[SourceDate "2019.09.30"]
[SourceVersion "1"]
[SourceVersionDate "2019.09.30"]
[SourceQuality "1"]

1. Nf3 g6 2. g3 Bg7 3. Bg2 e5 4. d3 d6 5. c4 f5 6. Nc3 Nf6 7. 0-0 0-0 8. Rb1 a5 9. a3 c6 10. b4 Na6 11. Qb3 Re8 12. e4 h6 13. Be3 axb4 14. axb4 Ng4 15. h3 Nxe3 16. fxe3 Be6 17. exf5 gxf5 18. Ne2 d5 19. cxd5 Bxd5 20. Qc2 Qb6 21. Qd2 Nc7 22. Rb2 f4 23. d4 fxe3 24. Qxe3 exd4 25. Qf2 Rf8 26. Nexd4 Ra3 27. Rd2 Rc3 28. Ne2 Qxf2+ 29. Rxf2 Rb3 30. Nf4 Rxb4 31. Kh2 Rc4 32. Rfe2 b5 33. Ne5 Bxe5 34. Rxe5 Bxg2 35. Kxg2 b4 36. Re7 Nd5 37. Nxd5 cxd5 38. Rd7 b3 39. R7xd5 Rb4 40. Rb2 Rc8 41. Rd3 Rc2+ 42. Rxc2 bxc2 43. Rc3 Rb2 44. Rc8+ Kf7 45. Kf3 Ke6 46. Ke4 Kf6 47. h4 h5 48. Rc6+ 1/2-1/2

[Event "Arad op 12th"]
[Site "Arad"]
[Date "2019.07.27"]
[Round "5"]
[White "Vasiesiu, Victor"]
[Black "Ciungan, Diana Alexandra"]
[Result "1-0"]
[WhiteElo "2269"]
[BlackElo "1862"]
[PlyCount "61"]
[EventDate "2019.07.24"]
[EventType "swiss"]
[EventRounds "9"]
[EventCountry "ROU"]
[SourceTitle "CBM 191 Extra"]
[Source "ChessBase"]
[SourceDate "2019.09.30"]
[SourceVersion "1"]
[SourceVersionDate "2019.09.30"]
[SourceQuality "1"]

1. e4 e5 2. Nf3 Nc6 3. Bb5 a6 4. Ba4 Nf6 5. 0-0 Be7 6. d3 b5 7. Bb3 0-0 8. Nc3 d6 9. a3 Bg4 10. Be3 Nd4 11. Bxd4 exd4 12. Nd5 c6 13. Nxe7+ Qxe7 14. h3 Bxf3 15. Qxf3 Nd7 16. Qg3 Nc5 17. Ba2 Na4 18. Rab1 Kh8 19. f4 f5 20. Rbe1 Qc7 21. exf5 Rxf5 22. Be6 Rf6 23. f5 Nc5 24. Qh4 Re8 25. Qxd4 h6 26. Qg4 Qe7 27. Re2 Nxe6 28. Rfe1 Qa7+ 29. Kh2 Qc5 30. Rxe6 Ref8 31. Rxf6 1-0

[Event "Arad op 12th"]
[Site "Arad"]
[Date "2019.07.25"]
[Round "2"]
[White "Stanciu, Andreea Briana"]
[Black "Vasiesiu, Victor"]
[Result "0-1"]
[WhiteElo "1917"]
[BlackElo "2269"]
[PlyCount "49"]
[EventDate "2019.07.24"]
[EventType "swiss"]
[EventRounds "9"]
[EventCountry "ROU"]
[SourceTitle "CBM 191 Extra"]
[Source "ChessBase"]
[SourceDate "2019.09.30"]
[SourceVersion "1"]
[SourceVersionDate "2019.09.30"]
[SourceQuality "1"]

1. f4 g6 2. Nf3 Bg7 3. g3 c5 4. Bg2 Nc6 5. 0-0 e6 6. e4 Nge7 7. d3 d5 8. c3 0-0 9. Qe2 b6 10. Rd1 Ba6 11. e5 Qd7 12. Qf2 f6 13. d4 fxe5 14. fxe5 Rac8 15. Bd2 Bd3 16. Qe3 Be4 17. g4 cxd4 18. cxd4 Bxf3 19. Bxf3 Nxe5 20. dxe5 Rxf3 21. Qd4 Rf7 22. Kg2 Nc6 23. Na3 Nxe5 24. Qe3 Nf3 25. h3 0-1

[Event "ROM-chT"]
[Site "Sovata"]
[Date "2018.11.29"]
[Round "6.4"]
[White "Vasiesiu, Victor"]
[Black "Gavrilescu, David"]
[Result "0-1"]
[WhiteElo "2270"]
[BlackElo "2481"]
[PlyCount "50"]
[EventDate "2018.11.24"]
[EventType "team-tourn"]
[EventRounds "9"]
[EventCountry "ROU"]
[SourceTitle "CBM 187 Extra"]
[Source "ChessBase"]
[SourceDate "2018.11.04"]
[SourceVersion "1"]
[SourceVersionDate "2018.11.04"]
[SourceQuality "1"]
[WhiteTeam "Galati"]
[BlackTeam "Timisoara Vest Univ"]
[WhiteTeamCountry "ROU"]
[BlackTeamCountry "ROU"]

1. e4 e6 2. d4 d5 3. Nc3 Nf6 4. Bg5 dxe4 5. Nxe4 Nbd7 6. Nf3 h6 7. Nxf6+ Nxf6 8. Bxf6 Qxf6 9. Bb5+ c6 10. Bd3 Bd7 11. Qe2 0-0-0 12. 0-0-0 Bd6 13. Kb1 Kb8 14. Ne5 c5 15. Nc4 Be7 16. Be4 Bb5 17. d5 Rd7 18. Nb6 Rd6 19. Nc4 Rhd8 20. Bd3 Bxc4 21. Bxc4 exd5 22. Bb5 a6 23. Ba4 b5 24. Bxb5 axb5 25. Qxb5+ Rb6 0-1

[Event "ROM-chT"]
[Site "Sovata"]
[Date "2018.11.25"]
[Round "2.2"]
[White "Vasiesiu, Victor"]
[Black "Banzea, Alexandru Bogdan"]
[Result "0-1"]
[WhiteElo "2270"]
[BlackElo "2313"]
[PlyCount "106"]
[EventDate "2018.11.24"]
[EventType "team-tourn"]
[EventRounds "9"]
[EventCountry "ROU"]
[SourceTitle "CBM 187 Extra"]
[Source "ChessBase"]
[SourceDate "2018.11.04"]
[SourceVersion "1"]
[SourceVersionDate "2018.11.04"]
[SourceQuality "1"]
[WhiteTeam "Galati"]
[BlackTeam "Baia Mare Municipiului"]
[WhiteTeamCountry "ROU"]
[BlackTeamCountry "ROU"]

1. e4 c5 2. Nf3 d6 3. d4 cxd4 4. Nxd4 Nf6 5. Nc3 a6 6. f3 e5 7. Nb3 Be6 8. Be3 Be7 9. Qd2 h5 10. Nd5 Nxd5 11. exd5 Bf5 12. Bd3 Bxd3 13. Qxd3 Bg5 14. 0-0 Bxe3+ 15. Qxe3 Nd7 16. c4 0-0 17. Rac1 Rc8 18. f4 exf4 19. Rxf4 Ne5 20. Qe2 Qg5 21. Rcf1 g6 22. Nd2 Qd8 23. Nf3 Qb6+ 24. Kh1 Rce8 25. Ng5 Qd8 26. h4 Ng4 27. Re4 Rxe4 28. Qxe4 Qd7 29. Qf4 Qe7 30. b4 Qe3 31. Ne4 Qxf4 32. Rxf4 Rd8 33. Kg1 Kg7 34. Nd2 Kf8 35. Re4 Re8 36. c5 dxc5 37. bxc5 Rxe4 38. Nxe4 Ke7 39. Nd6 Ne3 40. Nxb7 Nxd5 41. Kf2 Kd7 42. Na5 Nc3 43. c6+ Kc7 44. a3 Nb5 45. Ke3 Nxa3 46. Ke4 Nb5 47. Ke5 Kb6 48. Nb7 Kxc6 49. Nd8+ Kc5 50. Nxf7 a5 51. Kf4 a4 52. Ne5 Kd4 53. Nc6+ Kc3 0-1

[Event "ROM-chT"]
[Site "Sovata"]
[Date "2018.11.24"]
[Round "1.5"]
[White "Toma, Radu Cristian"]
[Black "Vasiesiu, Victor"]
[Result "1-0"]
[WhiteElo "2354"]
[BlackElo "2270"]
[PlyCount "87"]
[EventDate "2018.11.24"]
[EventType "team-tourn"]
[EventRounds "9"]
[EventCountry "ROU"]
[SourceTitle "CBM 187 Extra"]
[Source "ChessBase"]
[SourceDate "2018.11.04"]
[SourceVersion "1"]
[SourceVersionDate "2018.11.04"]
[SourceQuality "1"]
[WhiteTeam "Timisoara Medicina"]
[BlackTeam "Galati"]
[WhiteTeamCountry "ROU"]
[BlackTeamCountry "ROU"]

1. Nf3 f5 2. c4 Nf6 3. Nc3 g6 4. d4 Bg7 5. Bf4 0-0 6. e3 d6 7. c5 Qe8 8. Bc4+ Kh8 9. h4 Na6 10. Qe2 Nh5 11. Bh2 e5 12. cxd6 cxd6 13. Bb5 Qe7 14. 0-0 Nc7 15. Ba4 f4 16. dxe5 dxe5 17. exf4 Bg4 18. Rfe1 Nxf4 19. Bxf4 Rxf4 20. Qe3 Rxf3 21. gxf3 Bh5 22. f4 Rf8 23. Bd1 Qxh4 24. fxe5 Rf5 25. Bxh5 Rxh5 26. Kf1 Ne6 27. Qf3 Nf4 28. Ne2 Nxe2 29. Kxe2 Qc4+ 30. Kd1 Rh4 31. Re2 Rf4 32. Qb3 Qc6 33. Qh3 g5 34. Rd2 Bxe5 35. Rc1 Qf3+ 36. Qxf3 Rxf3 37. Rd7 Rf8 38. Rxb7 Bd4 39. f3 Bb6 40. Rc6 Kg8 41. Ke2 Rf7 42. Rxf7 Kxf7 43. Kd3 h5 44. Ke4 1-0

[Event "EU-ch U18 28th"]
[Site "Riga"]
[Date "2018.08.20"]
[Round "1"]
[White "Marasa, Giuseppe"]
[Black "Vasiesiu, Victor"]
[Result "0-1"]
[WhiteElo "1966"]
[BlackElo "2297"]
[PlyCount "120"]
[EventDate "2018.08.20"]
[EventType "swiss"]
[EventRounds "9"]
[EventCountry "LAT"]
[SourceTitle "CBM 186 Extra"]
[Source "ChessBase"]
[SourceDate "2018.08.24"]
[SourceVersion "1"]
[SourceVersionDate "2018.08.24"]
[SourceQuality "1"]

1. d4 Nf6 2. c4 g6 3. f3 Bg7 4. e4 d6 5. Ne2 0-0 6. Be3 Nbd7 7. Nbc3 a6 8. Qd2 c5 9. 0-0-0 Qc7 10. Kb1 Rb8 11. g4 b5 12. g5 b4 13. Nd5 Nxd5 14. exd5 cxd4 15. Nxd4 Nc5 16. Nc6 Bf5+ 17. Ka1 Rb6 18. Bxc5 dxc5 19. Qe3 Rxc6 20. dxc6 Bc2 21. Bd3 Bxd1 22. Rxd1 Qxc6 23. Be4 Qc7 24. f4 a5 25. Kb1 a4 26. h4 a3 27. b3 Rd8 28. Bd3 Rd4 29. Rf1 Qd7 30. Kc2 Qg4 31. Qf2 Qh3 32. Rd1 e5 33. fxe5 Bxe5 34. Qe2 Qg3 35. Re1 Rxd3 36. Qxe5 Rc3+ 37. Kb1 Qxe5 38. Rxe5 Rh3 39. Rxc5 Rxh4 40. Rb5 Rh1+ 41. Kc2 Ra1 42. Rxb4 Rxa2+ 43. Kc3 Rg2 44. Ra4 Rxg5 45. Rxa3 h5 46. Ra8+ Kg7 47. b4 h4 48. b5 Rg1 49. Ra2 Rc1+ 50. Kb3 Rb1+ 51. Kc2 Re1 52. b6 h3 53. b7 h2 54. b8Q h1Q 55. Qb2+ Kh7 56. Kc3 Rc1+ 57. Kd4 Qh4+ 58. Ke5 Qe7+ 59. Kf4 Rxc4+ 60. Kg3 Qg5+ 0-1

[Event "Arad op 11th"]
[Site "Arad"]
[Date "2018.08.10"]
[Round "7"]
[White "Vasiesiu, Victor"]
[Black "Zaim, Marian"]
[Result "1-0"]
[WhiteElo "2297"]
[BlackElo "2084"]
[PlyCount "97"]
[EventDate "2018.08.05"]
[EventType "swiss"]
[EventRounds "9"]
[EventCountry "ROU"]
[SourceTitle "CBM 185 Extra"]
[Source "ChessBase"]
[SourceDate "2018.07.29"]
[SourceVersion "1"]
[SourceVersionDate "2018.07.29"]
[SourceQuality "1"]

1. e4 c5 2. Nf3 Nc6 3. Bb5 g6 4. Bxc6 bxc6 5. 0-0 d6 6. d4 cxd4 7. Qxd4 e5 8. Qd3 Be7 9. Rd1 Qc7 10. c4 Kf8 11. b3 Kg7 12. Bb2 f6 13. Ba3 c5 14. Nc3 Bb7 15. Ne1 Nh6 16. Nc2 Nf7 17. Ne3 Rhe8 18. Ncd5 Qc8 19. f3 Bf8 20. Bb2 Bc6 21. Rf1 Be7 22. f4 Bd8 23. f5 g5 24. Qe2 Qd7 25. Rad1 Nh6 26. h4 gxh4 27. Qh5 Nf7 28. Ng4 Bxd5 29. Rxd5 Rf8 30. Bc1 Kh8 31. Qxh4 Qe7 32. Rf3 Rg8 33. Rh3 Rg7 34. Bh6 Nxh6 35. Nxh6 Ba5 36. Qh5 Rf8 37. Qd1 Bc7 38. Rdd3 Bb8 39. Rdg3 Qb7 40. Rxg7 Qxg7 41. Qh5 Bc7 42. Kh2 Qg5 43. Qxg5 fxg5 44. Ng4 Kg7 45. Rh6 a5 46. Re6 Rf7 47. Kg3 h5 48. Ne3 Rf6 49. Rxf6 1-0

[Event "EU-chT U18"]
[Site "Bad Blankenburg"]
[Date "2018.07.13"]
[Round "2.4"]
[White "Vasiesiu, Victor"]
[Black "Roseneck, Jonas"]
[Result "1-0"]
[WhiteElo "2295"]
[BlackElo "2182"]
[PlyCount "45"]
[EventDate "2018.07.12"]
[EventType "team-swiss"]
[EventRounds "7"]
[EventCountry "GER"]
[SourceTitle "CBM 185 Extra"]
[Source "ChessBase"]
[SourceDate "2018.07.29"]
[SourceVersion "1"]
[SourceVersionDate "2018.07.29"]
[SourceQuality "1"]
[WhiteTeam "Romania U18"]
[BlackTeam "Germany U18 II"]
[WhiteTeamCountry "ROU"]
[BlackTeamCountry "GER"]

1. e4 c5 2. Nc3 d6 3. d4 cxd4 4. Qxd4 Nc6 5. Qd2 g6 6. b3 Bg7 7. Bb2 Nf6 8. 0-0-0 0-0 9. f3 Be6 10. Kb1 a6 11. Nge2 Qa5 12. g4 Rfc8 13. h4 h5 14. gxh5 Nxh5 15. f4 Bg4 16. Rg1 Bxe2 17. Bxe2 Nxf4 18. Qxf4 Bxc3 19. Bc4 Ne5 20. Bxf7+ Nxf7 21. Rxg6+ Kf8 22. Rf1 Ke8 23. Qxf7+ 1-0

[Event "Cap Aurora op 22nd"]
[Site "Cap Aurora"]
[Date "2018.06.28"]
[Round "6"]
[White "Vasiesiu, Victor"]
[Black "Carmaciu, Lucian Catalin"]
[Result "0-1"]
[WhiteElo "2295"]
[BlackElo "2370"]
[PlyCount "62"]
[EventDate "2018.06.23"]
[EventType "swiss"]
[EventRounds "9"]
[EventCountry "ROU"]
[SourceTitle "CBM 185 Extra"]
[Source "ChessBase"]
[SourceDate "2018.07.29"]
[SourceVersion "1"]
[SourceVersionDate "2018.07.29"]
[SourceQuality "1"]

1. e4 d5 2. exd5 Qxd5 3. Nc3 Qa5 4. d4 Nf6 5. Nf3 Bf5 6. Ne5 Nbd7 7. Nc4 Qa6 8. Ne3 Qe6 9. Bc4 Qc6 10. Bb5 Qe6 11. d5 Qe5 12. 0-0 Ne4 13. f4 Qf6 14. Bxd7+ Kxd7 15. Nxe4 Bxe4 16. c3 Qa6 17. c4 f5 18. Bd2 Rd8 19. Bc3 e6 20. b4 Kc8 21. Qd2 exd5 22. Rfd1 Bd6 23. c5 Bxf4 24. Bd4 Qh6 25. h3 Rhg8 26. c6 Qxc6 27. Rac1 Qd6 28. b5 Bh2+ 29. Kh1 Be5 30. Bc5 Qh6 31. Kg1 d4 0-1

[Event "Cap Aurora op 22nd"]
[Site "Cap Aurora"]
[Date "2018.06.26"]
[Round "5"]
[White "Vasiesiu, Victor"]
[Black "Kavutskiy, Konstantin"]
[Result "1/2-1/2"]
[WhiteElo "2295"]
[BlackElo "2397"]
[PlyCount "117"]
[EventDate "2018.06.23"]
[EventType "swiss"]
[EventRounds "9"]
[EventCountry "ROU"]
[SourceTitle "CBM 185 Extra"]
[Source "ChessBase"]
[SourceDate "2018.07.29"]
[SourceVersion "1"]
[SourceVersionDate "2018.07.29"]
[SourceQuality "1"]

1. e4 c5 2. Nf3 e6 3. d4 cxd4 4. Nxd4 Nc6 5. Nc3 Qc7 6. Be3 a6 7. Qf3 Ne5 8. Qg3 b5 9. f4 Nc4 10. Bxc4 Qxc4 11. 0-0-0 Bb7 12. Nb3 Nf6 13. Rd4 Qc7 14. e5 Nd5 15. Nxd5 Bxd5 16. Rxd5 exd5 17. Rd1 Rc8 18. Qf2 Qb7 19. f5 a5 20. Nxa5 Qa8 21. Qd2 Bc5 22. Bxc5 Rxc5 23. b4 Rc7 24. Qxd5 0-0 25. Qxa8 Rxa8 26. Kb2 Rac8 27. c4 bxc4 28. Kc3 Re8 29. Nxc4 Rxe5 30. Rxd7 Rc8 31. Rd8+ Rxd8 32. Nxe5 Ra8 33. Kb3 Kf8 34. a4 Ke7 35. Nc4 Re8 36. b5 Kd8 37. Kb4 Re2 38. g4 g6 39. a5 gxf5 40. gxf5 Rxh2 41. a6 Ra2 42. Kc5 Kc8 43. Nd6+ Kb8 44. Nxf7 h5 45. Kb6 h4 46. Ng5 Rd2 47. a7+ Ka8 48. Ne6 Rd6+ 49. Kc5 Rd1 50. b6 Kb7 51. Nc7 Rd8 52. a8Q+ Rxa8 53. Nxa8 h3 54. f6 h2 55. f7 h1Q 56. f8Q Qc1+ 57. Kb5 Qb2+ 58. Kc4 Qa2+ 59. Kd4 1/2-1/2

[Event "ROM-ch"]
[Site "Olanesti"]
[Date "2018.05.22"]
[Round "9"]
[White "Sava, Bogdan"]
[Black "Vasiesiu, Victor"]
[Result "1/2-1/2"]
[WhiteElo "2099"]
[BlackElo "2327"]
[PlyCount "57"]
[EventDate "2018.05.14"]
[EventType "swiss"]
[EventRounds "9"]
[EventCountry "ROU"]
[SourceTitle "CBM 184 Extra"]
[Source "ChessBase"]
[SourceDate "2018.06.28"]
[SourceVersion "1"]
[SourceVersionDate "2018.06.28"]
[SourceQuality "1"]

1. d4 Nf6 2. Bf4 c5 3. e3 d5 4. Nf3 Nc6 5. c3 e6 6. Bd3 Be7 7. Nbd2 cxd4 8. exd4 Nh5 9. Be3 f5 10. Ne5 Nf6 11. Ndf3 Nxe5 12. Nxe5 0-0 13. 0-0 Bd7 14. Nxd7 Qxd7 15. Bf4 Bd6 16. Bxd6 Qxd6 17. Qe2 Rae8 18. Rfe1 Ng4 19. g3 Rf6 20. Bxf5 Nxf2 21. Bxh7+ Kxh7 22. Qh5+ Rh6 23. Qxe8 Ng4 24. Qf7 Nxh2 25. Re5 Ng4 26. Rae1 Nxe5 27. Rxe5 Qb8 28. Rg5 Qg8 29. Qe7 1/2-1/2

[Event "ROM-ch"]
[Site "Olanesti"]
[Date "2018.05.20"]
[Round "7"]
[White "Anton, Teodor"]
[Black "Vasiesiu, Victor"]
[Result "1-0"]
[WhiteElo "2426"]
[BlackElo "2327"]
[PlyCount "46"]
[EventDate "2018.05.14"]
[EventType "swiss"]
[EventRounds "9"]
[EventCountry "ROU"]
[SourceTitle "CBM 184 Extra"]
[Source "ChessBase"]
[SourceDate "2018.06.28"]
[SourceVersion "1"]
[SourceVersionDate "2018.06.28"]
[SourceQuality "1"]

1. Nf3 d5 2. c4 d4 3. e3 Nc6 4. b4 dxe3 5. fxe3 Nxb4 6. d4 e6 7. a3 Nc6 8. Bb2 Nf6 9. Nbd2 Be7 10. Bd3 0-0 11. 0-0 Na5 12. e4 c5 13. d5 exd5 14. exd5 b5 15. Ne5 bxc4 16. Ndxc4 Nxc4 17. Nxc4 Bg4 18. Qc2 Qxd5 19. Rae1 Be6 20. Re5 Qd8 21. Rxf6 Bxf6 22. Bxh7+ Kh8 23. Rh5 Bg4 1-0

[Event "ROM-ch"]
[Site "Olanesti"]
[Date "2018.05.15"]
[Round "2"]
[White "Marin, Mihail"]
[Black "Vasiesiu, Victor"]
[Result "1-0"]
[WhiteElo "2543"]
[BlackElo "2327"]
[PlyCount "49"]
[EventDate "2018.05.14"]
[EventType "swiss"]
[EventRounds "9"]
[EventCountry "ROU"]
[SourceTitle "CBM 184 Extra"]
[Source "ChessBase"]
[SourceDate "2018.06.28"]
[SourceVersion "1"]
[SourceVersionDate "2018.06.28"]
[SourceQuality "1"]

1. c4 e5 2. Nc3 Nc6 3. Nf3 Nf6 4. g3 Nd4 5. Bg2 Nxf3+ 6. Bxf3 Bc5 7. 0-0 c6 8. e3 d6 9. d4 Bb6 10. b4 Bh3 11. Re1 Qe7 12. dxe5 dxe5 13. Ba3 0-0 14. Qb3 e4 15. Bh1 Rfe8 16. Na4 Ng4 17. Nxb6 Qf6 18. Qb2 Ne5 19. f4 exf3 20. Nxa8 Qg6 21. Rad1 Nd3 22. Rxd3 Qxd3 23. Bxf3 Rxe3 24. Qc1 Rxe1+ 25. Qxe1 1-0

[Event "ROM-ch U18"]
[Site "Calimanesti"]
[Date "2018.04.03"]
[Round "9"]
[White "Vasiesiu, Victor"]
[Black "Ciorgovean, Iustin"]
[Result "1/2-1/2"]
[WhiteElo "2326"]
[BlackElo "2211"]
[PlyCount "57"]
[EventDate "2018.03.27"]
[EventType "swiss"]
[EventRounds "9"]
[EventCountry "ROU"]
[SourceTitle "CBM 183 Extra"]
[Source "ChessBase"]
[SourceDate "2018.04.19"]
[SourceVersion "1"]
[SourceVersionDate "2018.04.19"]
[SourceQuality "1"]

1. e4 c5 2. Nf3 d6 3. d4 cxd4 4. Nxd4 Nf6 5. Nc3 a6 6. Be2 e5 7. Nf3 Be7 8. Bg5 Be6 9. Bxf6 Bxf6 10. Nd2 Qc7 11. Nf1 Bg5 12. Ng3 g6 13. Bg4 Nc6 14. Bxe6 fxe6 15. Qg4 Qe7 16. h4 Bf4 17. Nge2 Nb4 18. Nxf4 exf4 19. 0-0-0 Rf8 20. h5 g5 21. h6 Nc6 22. g3 Ne5 23. Qh5+ Kd7 24. Qe2 Rac8 25. Kb1 Qf6 26. Qd2 Rc6 27. Qd4 Nc4 28. Qxf6 Rxf6 29. Rh5 1/2-1/2